000 01064nam0a22002651 4500
001 rc\2815142
005 20250810052755.0
035 _a(NLR Aleph) 006940913
090 _a7639511
_c7639511
100 _a20110915d1945 u y0rusy50 ca
101 0 _arus
102 _aRU
105 _aa z |||||
200 1 _aПрактическое руководство по наплавке инструмента и быстроизнашивающихся деталей
_fИнж. Конторов, П. М. Сапов
_gЗавод Ростсельмаш им. Сталина
210 _aРостов-на-Дону
_cРостиздат
_d1945
_gтип. им. Калинина
215 _a91 с.
_cил.
_d20 см.
700 1 _aКонторов
_bБ.М.
_gБорис Моисеевич
701 1 _aСапов
_bП.М.
_gПетр Максимович
801 0 _aRU
_bNLR
_gpsbo
801 1 _aRU
_bELAR
_2rusmarc
852 _aNLR
_jТ36 Г-4/486
942 _cBOOK
945 _aРоссийская национальная библиотека
980 _aNB
980 _aBV